000 00783cam a2200241 a 4500
020 _a0684192853 :
040 _cDLC
082 0 0 _a909 SCR 1992 A101 Or.
100 1 _aJacobs, William Jay.
245 1 0 _aWorld government /
250 _a1st ed.
260 _aNew York :
_bScribner ;
_aToronto :
_bMaxwell Macmillan Canada ;
_aNew York :
_bMaxwell Macmillan International,
_cc1992.
300 _axi, 306 p. :
_bill. ;
_c24 cm.
490 1 _aGreat lives
520 _aPresents biographical sketches of twenty-five world leaders from the early nineteenth century to the present day.
650 0 _aHeads of state
650 0 _aHistory, Modern
650 0 _aHistory, Modern
650 1 _aHeads of state.
650 1 _aHistory, Modern
650 1 _aHistory, Modern
942 _cEK
999 _c13570
_d13570